Evaluación de contexto de la carrera de ingeniería eléctrica
Gorde:
| Egile nagusia: | |
|---|---|
| Formatua: | Liburua |
| Hizkuntza: | Spanish |
| Argitaratua: |
San José, Costa Rica. : Universidad de Costa Rica, Vicerrectoría de Docencia, Centro de Evaluación Académica,
1986.
|
| Gaiak: | |
| Etiketak: |
Etiketa erantsi
Etiketarik gabe, Izan zaitez lehena erregistro honi etiketa jartzen!
|
MARC
| LEADER | 00000nam a2200000Ia 4500 | ||
|---|---|---|---|
| 003 | 002462 | ||
| 005 | 20221231144011.0 | ||
| 008 | 140114s1986 cr a 000 ||spa d | ||
| 040 | |c cru CEDI | ||
| 082 | |a 378.728.6 S161e | ||
| 100 | |a Salazar Mora, Zaida |9 21550 | ||
| 245 | |a Evaluación de contexto de la carrera de ingeniería eléctrica | ||
| 260 | |a San José, Costa Rica. : Universidad de Costa Rica, Vicerrectoría de Docencia, Centro de Evaluación Académica, |c 1986. | ||
| 300 | |a [94] páginas ; 28 cm | ||
| 650 | |x COSTA RICA.. UNIVERSIDAD - PLANES DE ESTUDIO |x INGENIERÍA ELÉCTRICA |9 21551 | ||
| 942 | |2 ddc |c BK | ||
| 999 | |c 15428 |d 15428 | ||
